000 00937nam a2200193 a 4500
008 130422s2012 ||||||||||||||||| || u
020 _a9780538498876
050 _aQA 303 Ste
100 _aStewart, James
245 1 0 _aCalculus: early transcendentals. (7th ed.)
_cby James Stewart
250 _a7th ed.
260 _aAustralia:
_bBrookes/Cole
_c2012
300 _axxviii, 1170p. various pagings: ill.
650 0 _aCALCULUS
650 _aCALCULUS--TEXTBOOKS
995 _aMAIN LIBRARY OPEN ACCESS
_e743507
_FCBU-MAIN LIBRARY (Kitwe)
_jQA 303 Ste
_M2
_UAVAILABLE
_WApr 22, 2013
_y743507
_ZMain Library Open Access Collection
995 _aMAIN LIBRARY OPEN ACCESS
_e743508
_FCBU-MAIN LIBRARY (Kitwe)
_jQA 303 Ste
_M3
_UAVAILABLE
_WApr 22, 2013
_y743508
_ZMain Library Open Access Collection
995 _aANNEX COLLECTION (Main Library)
_e743506
_FCBU-MAIN LIBRARY (Kitwe)
_jQA 303 Ste
_M1
_UAVAILABLE
_WApr 22, 2013
_y743506
_ZAnnex Low-Usage Collection
999 _c77995
_d77995